| 000 | 00636cam a2200193 a 4500 | ||
|---|---|---|---|
| 020 | _a0750636556 | ||
| 082 | 0 | 0 |
_a526.9 _bALL _cD |
| 100 | 1 |
_aAllan, A. L. _939634 |
|
| 245 | 1 | 0 |
_aPractical surveying and computations / _cA.L. Allan. |
| 250 | _aRev. 2nd ed. | ||
| 260 |
_aOxford ; _aBoston : _bLaxtons, _c1997. |
||
| 300 |
_axvi, 573 p. : _bill. ; _c24 cm. |
||
| 500 | _aRev. ed. of: Practical field surveying and computations. 1968. | ||
| 526 |
_a0 _b0 _c0 _d526_900000000000000_ALL |
||
| 650 | 0 |
_aMCE _9379 |
|
| 700 | 1 |
_aAllan, A. L. _939634 |
|
| 856 | 4 | 2 | _uhttp://www.loc.gov/catdir/enhancements/fy1117/98105135-d.html |
| 942 |
_2ddc _cBK |
||
| 999 |
_c544089 _d544089 |
||